गीत परिशीलन(विभिन्न कृतिमा प्रक्षेपण गरिएका विचारहरु) (Record no. 114156)
[ view plain ]
| 000 -LEADER | |
|---|---|
| fixed length control field | 00621nam a22001577a 4500 |
| 008 - FIXED-LENGTH DATA ELEMENTS--GENERAL INFORMATION | |
| fixed length control field | 240610b |||||||| |||| 00| 0 eng d |
| 020 ## - INTERNATIONAL STANDARD BOOK NUMBER | |
| International Standard Book Number | 9789937702751 |
| 082 ## - DEWEY DECIMAL CLASSIFICATION NUMBER | |
| Classification number | N895.51809/M714g |
| 100 ## - MAIN ENTRY--PERSONAL NAME | |
| Personal name | Mukarung, Bulu |
| 241 ## - ROMANIZED TITLE (BK AM CF MP MU VM) | |
| Romanized title | Geet Paricilan(bivinna krtitima prakhepan gariyeka bicharharu) |
| 245 ## - TITLE STATEMENT | |
| Title | गीत परिशीलन(विभिन्न कृतिमा प्रक्षेपण गरिएका विचारहरु) |
| 260 ## - PUBLICATION, DISTRIBUTION, ETC. | |
| Place of publication, distribution, etc. | Kathmandu: |
| Name of publisher, distributor, etc. | Bhundipuran Prakashan, |
| Date of publication, distribution, etc. | 2075BS. |
| 300 ## - PHYSICAL DESCRIPTION | |
| Other physical details | 168p. |
| 650 ## - SUBJECT ADDED ENTRY--TOPICAL TERM | |
| Topical term or geographic name entry element | Nepali miscellaneous writing -history and criticism |
| 942 ## - ADDED ENTRY ELEMENTS (KOHA) | |
| Source of classification or shelving scheme | Dewey Decimal Classification |
| Koha item type | ISBN |
| Withdrawn status | Lost status | Source of classification or shelving scheme | Damaged status | Not for loan | Home library | Current library | Date acquired | Total Checkouts | Full call number | Barcode | Date last seen | Price effective from | Koha item type |
|---|---|---|---|---|---|---|---|---|---|---|---|---|---|
| Dewey Decimal Classification | Tribhuvan University Central Library | Tribhuvan University Central Library | 06/10/2024 | N895.51809/M714g | IS26377 | 06/10/2024 | 06/10/2024 | ISBN | |||||
| Dewey Decimal Classification | Tribhuvan University Central Library | Tribhuvan University Central Library | 06/10/2024 | N895.51809/M714g | IS26378 | 06/10/2024 | 06/10/2024 | ISBN |
